000 01296nam a22003497a 4500
003 CHAP
005 20220329143830.0
008 111031s2008 it rn 00010 d
010 _a102478
011 _a103450
020 _a9789250059228
035 _a114139
040 _cCHAP
082 0 4 _a639.2
_bF46b v.856
110 2 _aFAO. Comisión General de Pesca para el Mediterráneo
_939486
245 1 0 _aReport of the session of the scientific advisory committee (10o.)
_c/por FAO. Comisión General de Pesca para el Mediterráneo
246 3 _aRapport de la session du comité scientific consultatif (10o.)
260 _aRoma :
_bFAO,
_c2008
300 _avi, 144 p. :
_bgráfs., tablas
490 0 _aFAO. Informe de pesca
_v; 856
500 _aNicosia, Cyprus, 22-26 October 2007
546 _aEdición bilingüe (inglés - fráncés)
590 _aBATCH-UPD
_b10
_c20130110
_lUCH01
_h1046
590 _aBATCH-UPD
_b10
_c20130410
_lUCH01
_h0644
590 _aBATCH-UPD
_b10
_c20130914
_lUCH01
_h1350
590 _aCONVERSION
_b10
_c20130109
_lUCH01
_h1356
650 1 4 _aPesca
_xRegión Mediterránea.
_987410
830 0 _aFAO. Informe de pesca
_v; 856
_939587
901 _aBK
942 _cLIBRO
949 _a639.2 F46b v.856
_bBC
_cFAO
_d33724002074446
_eFAO1
_gDonaciØn
_h116037
_i114139
_sb
999 _c102478
_d102478